[Event "Sindilegis op-B"]
[Site "Sindilegis"]
[Date "2009.10.25"]
[Round "?"]
[White "Cultri, Angelo"]
[Black "Frare, Fernando Cesar"]
[Result "0-1"]
[WhiteElo "2159"]
[BlackElo "2262"]
[PlyCount "88"]
[EventDate "2009.10.23"]
[EventType "swiss"]
[EventRounds "6"]
[EventCountry "BRA"]
[SourceTitle "EXT 2012"]
[Source "ChessBase"]
[SourceDate "2011.11.24"]
[SourceVersion "1"]
[SourceVersionDate "2011.11.24"]
[SourceQuality "1"]

1. d4 d5 2. c4 c6 3. Nc3 Nf6 4. Nf3 a6 5. cxd5 cxd5 6. Bf4 Nc6 7. e3 e6 8. Bd3 Be7 9. 0-0 0-0 10. Rc1 Bd7 11. Qe2 b5 12. a3 b4 13. axb4 Nxb4 14. Bb1 Qb6 15. Rfd1 Rfc8 16. e4 dxe4 17. Nxe4 Nbd5 18. Nxf6+ Nxf6 19. Ne5 Ba4 20. Bc2 Bxc2 21. Rxc2 Nd5 22. Be3 Qb5 23. Qxb5 axb5 24. Nc6 Bd6 25. g3 Kf8 26. Rdc1 f6 27. Bd2 Ke8 28. Na5 Rxc2 29. Rxc2 Kd7 30. Nb7 Ra4 31. Nc5+ Bxc5 32. dxc5 Rc4 33. Rxc4 bxc4 34. f4 Kc6 35. Kf2 Kxc5 36. Ke2 Kd4 37. Ba5 h5 38. Be1 Ke4 39. Bd2 h4 40. Ba5 Ne3 41. Bd2 Ng4 42. h3 Nh2 43. gxh4 Nf3 44. Bc1 Nxh4 0-1

[Event "Barueri III IRT ATC"]
[Site "Barueri"]
[Date "2009.04.05"]
[Round "5.3"]
[White "Cultri, Angelo"]
[Black "Awoki, Daniel Teidi"]
[Result "1-0"]
[WhiteElo "2158"]
[BlackElo "1915"]
[PlyCount "101"]
[EventDate "2009.04.02"]
[EventType "swiss"]
[EventRounds "6"]
[EventCountry "BRA"]
[SourceTitle "EXT 2022"]
[Source "ChessBase"]
[SourceDate "2021.10.06"]
[SourceVersion "1"]
[SourceVersionDate "2021.10.06"]
[SourceQuality "1"]

1. d4 d5 2. c4 dxc4 3. e4 e5 4. Nf3 exd4 5. Bxc4 Bb4+ 6. Nbd2 Nc6 7. 0-0 Nf6 8. e5 Nd5 9. Nb3 Nb6 10. Bb5 Be6 11. Bxc6+ bxc6 12. Nfxd4 Bd5 13. Qg4 g6 14. Bh6 Qd7 15. Qxd7+ Nxd7 16. Bf4 Nc5 17. Nxc5 Bxc5 18. Nxc6 Bxc6 19. Rfc1 Bxf2+ 20. Kxf2 Kd7 21. Rc5 Be4 22. Rd1+ Kc8 23. Rd4 Bb1 24. e6 Kb7 25. Rxc7+ Ka6 26. Rc3 Rad8 27. Bd6 fxe6 28. Rb4 Rhf8+ 29. Bxf8 Rxf8+ 30. Rf3 Rxf3+ 31. Kxf3 h5 32. a3 Bf5 33. Kf4 Bd3 34. Ke5 Bf5 35. h4 Ka5 36. Kd6 a6 37. b3 e5 38. Kxe5 Bd7 39. Kf6 Bf5 40. Rd4 Bc2 41. b4+ Ka4 42. Rd6 Kb5 43. Ke5 Bb1 44. Kd4 Bf5 45. Kc3 a5 46. Rd5+ Kb6 47. Rxf5 gxf5 48. bxa5+ Kxa5 49. Kd4 Ka4 50. Ke5 Kxa3 51. Kxf5 1-0

[Event "Barueri III IRT ATC"]
[Site "Barueri"]
[Date "2009.04.03"]
[Round "2.4"]
[White "Cultri, Angelo"]
[Black "Silva, Igor dos Santos"]
[Result "1/2-1/2"]
[WhiteElo "2158"]
[BlackElo "1951"]
[PlyCount "93"]
[EventDate "2009.04.02"]
[EventType "swiss"]
[EventRounds "6"]
[EventCountry "BRA"]
[SourceTitle "EXT 2022"]
[Source "ChessBase"]
[SourceDate "2021.10.06"]
[SourceVersion "1"]
[SourceVersionDate "2021.10.06"]
[SourceQuality "1"]

1. d4 Nf6 2. Nf3 d5 3. c4 e6 4. Nc3 Be7 5. Bg5 h6 6. Bh4 0-0 7. e3 b6 8. cxd5 Nxd5 9. Bxe7 Nxe7 10. Bd3 Bb7 11. 0-0 Nbc6 12. Rc1 Ng6 13. Bxg6 fxg6 14. Nd2 Kh7 15. Nde4 e5 16. d5 Nb4 17. d6 cxd6 18. Qxd6 Qxd6 19. Nxd6 Ba6 20. Ndb5 Rfc8 21. a4 Nd3 22. Rb1 Bxb5 23. Nxb5 Rc2 24. b3 a6 25. Na3 Rc3 26. Rfd1 Rac8 27. Nc4 Rc6 28. f3 Nc5 29. Nxe5 Re6 30. Nd7 Rexe3 31. Nxb6 Rxb3 32. a5 Rxb1 33. Rxb1 Rb3 34. Rxb3 Nxb3 35. Nc4 Kg8 36. Kf2 Kf7 37. Ke3 Ke6 38. Kd3 Kd5 39. Kc3 Nc5 40. Nb6+ Kd6 41. Nc8+ Kd7 42. Kc4 Nb7 43. Nb6+ Kc6 44. Kb4 Nc5 45. Kc4 Nb7 46. Kb4 Nc5 47. Kc4 1/2-1/2

[Event "Birigui U2200 op 1st"]
[Site "Birigui"]
[Date "2006.12.08"]
[Round "?"]
[White "Shiroma, Silvio Haruo"]
[Black "Cultri, Angelo"]
[Result "0-1"]
[WhiteElo "2154"]
[BlackElo "1833"]
[PlyCount "77"]
[EventDate "2006.12.08"]
[EventType "swiss"]
[EventRounds "7"]
[EventCountry "BRA"]
[SourceTitle "EXT 2022"]
[Source "ChessBase"]
[SourceDate "2021.10.06"]
[SourceVersion "1"]
[SourceVersionDate "2021.10.06"]
[SourceQuality "1"]

1. e4 c6 2. d4 d5 3. Nc3 dxe4 4. Nxe4 Nd7 5. Ng5 Ngf6 6. Bd3 e6 7. Qe2 Bd6 8. N1f3 h6 9. Ne4 Nxe4 10. Qxe4 Nf6 11. Qe2 b6 12. Bd2 Bb7 13. 0-0-0 Qc7 14. c4 0-0-0 15. Kb1 c5 16. Bc3 a6 17. Rhg1 cxd4 18. Bxd4 Bxh2 19. Bxf6 gxf6 20. Nxh2 Qxh2 21. g3 f5 22. Ka1 Qh3 23. c5 b5 24. a4 Qg4 25. Qxg4 fxg4 26. Be2 Bf3 27. Bxf3 gxf3 28. axb5 axb5 29. Kb1 h5 30. Kc2 Rxd1 31. Rxd1 h4 32. gxh4 Rxh4 33. Rd3 Rf4 34. Kd2 Kc7 35. Ke3 Rc4 36. Kxf3 Rxc5 37. Ke3 Rc2 38. b3 Kc6 39. b4 0-1